| 000 | 00638nam a2200193 a 4500 | ||
|---|---|---|---|
| 001 | 4304 | ||
| 003 | CDMR | ||
| 005 | 20131112170734.0 | ||
| 008 | 130130s1999||||||||||||||||||||||||||||d | ||
| 020 | _a847074111X | ||
| 040 |
_aCDMR _bcat _cCDMR |
||
| 245 | 0 | 0 |
_aDel gacetero al profesional del periodismo _b: evolución histórica de los actores humanos del "cuarto poder" _cCarlos Barrera (coordinador) |
| 260 |
_aMadrid _c1999 _bFragua |
||
| 300 | _a356 p. | ||
| 650 | 0 | 4 |
_93782 _aPeriodistes _xPràctica professional _vRecull d'escrits |
| 650 | 0 | 4 |
_92512 _aPeriodisme _xHistòria |
| 700 | 1 |
_93042 _aBarrera del Barrio, Carlos |
|
| 942 |
_cMON _2udc |
||
| 999 |
_c4304 _d4304 |
||